[Event "Bialystok Zamenhof Memorial-B 36th"]
[Site "Bialystok"]
[Date "2017.12.29"]
[Round "6"]
[White "Luba, Lukasz"]
[Black "Sygulski, Pawel"]
[Result "1-0"]
[WhiteElo "2093"]
[BlackElo "2167"]
[PlyCount "101"]
[EventDate "2017.12.27"]
[EventType "swiss"]
[EventRounds "9"]
[EventCountry "POL"]
[SourceTitle "CBM 182 Extra"]
[Source "ChessBase"]
[SourceDate "2018.02.23"]
[SourceVersion "1"]
[SourceVersionDate "2018.02.23"]
[SourceQuality "1"]

1. e3 d5 2. d4 Nf6 3. c4 e6 4. Nc3 Nbd7 5. c5 e5 6. Bd3 g6 7. f4 e4 8. Be2 c6 9. b4 Bg7 10. Bd2 h5 11. Nh3 Ng4 12. Qb3 Nh6 13. b5 Nf8 14. Ng5 f6 15. Ngxe4 dxe4 16. Nxe4 Nf5 17. bxc6 bxc6 18. Qa4 Ne6 19. Qxc6+ Bd7 20. Nd6+ Nxd6 21. Qxd6 Bf8 22. Qd5 Nc7 23. Qe4+ Kf7 24. Ba5 Rb8 25. Bd3 Rh6 26. 0-0 Kg7 27. f5 gxf5 28. Qf4 Rc8 29. Ba6 Nd5 30. Qg3+ Rg6 31. Bxd8 Rxg3 32. Bxc8 Bxc8 33. hxg3 Nxe3 34. Rf2 Bb7 35. Rb1 Be4 36. Rb8 Kf7 37. Rc8 Bh6 38. Bc7 h4 39. gxh4 Nd5 40. Re2 Bd3 41. Kf2 Ba6 42. Rd8 Nc3 43. Rd7+ Kg6 44. Re8 Ne4+ 45. Ke1 Bc4 46. d5 Be3 47. Rg8+ Kh6 48. Rh8+ Kg6 49. Rhh7 Bh6 50. Bf4 Bf8 51. h5# 1-0

[Event "Bialystok Zamenhof Memorial-B 36th"]
[Site "Bialystok"]
[Date "2017.12.27"]
[Round "1"]
[White "Sygulski, Pawel"]
[Black "Bury, Gleb Maximovich"]
[Result "1/2-1/2"]
[WhiteElo "2167"]
[BlackElo "1972"]
[PlyCount "102"]
[EventDate "2017.12.27"]
[EventType "swiss"]
[EventRounds "9"]
[EventCountry "POL"]
[SourceTitle "CBM 182 Extra"]
[Source "ChessBase"]
[SourceDate "2018.02.23"]
[SourceVersion "1"]
[SourceVersionDate "2018.02.23"]
[SourceQuality "1"]

1. c4 Nf6 2. Nc3 g6 3. g3 Bg7 4. Bg2 0-0 5. d4 d6 6. Nf3 Nbd7 7. 0-0 e5 8. dxe5 dxe5 9. Qc2 c6 10. b3 Re8 11. e4 Bf8 12. h3 Qc7 13. Na4 Nc5 14. Nxc5 Bxc5 15. Bb2 Nh5 16. Kh2 f6 17. Ne1 Qe7 18. Nd3 Bd6 19. Rae1 Bc7 20. Bc3 a5 21. Qe2 Ng7 22. f4 Bd7 23. fxe5 fxe5 24. Rd1 Rad8 25. Qe3 b6 26. Rf2 c5 27. Rdf1 Rf8 28. Rxf8+ Rxf8 29. Rxf8+ Kxf8 30. h4 Ke8 31. Nf2 Ne6 32. Bh3 Nd4 33. Bxd7+ Qxd7 34. Bxd4 exd4 35. Qf3 Qf7 36. Kg2 h5 37. Nd3 Qe7 38. e5 Bxe5 39. Qe4 Bc7 40. Qxg6+ Qf7 41. Qxf7+ Kxf7 42. Kf3 Kf6 43. g4 hxg4+ 44. Kxg4 Bd6 45. Kf3 Kf5 46. Nf2 Be7 47. h5 Bg5 48. Nd3 Bh6 49. Nb2 Ke5 50. Nd3+ Kf5 51. Nb2 Ke5 1/2-1/2

[Event "Pula op 30th"]
[Site "Pula"]
[Date "2016.09.15"]
[Round "7"]
[White "Sygulski, Pawel"]
[Black "Losonczi, Marcell"]
[Result "1-0"]
[WhiteElo "2133"]
[BlackElo "2035"]
[PlyCount "149"]
[EventDate "2016.09.10"]
[EventType "swiss"]
[EventRounds "9"]
[EventCountry "CRO"]
[SourceTitle "CBM 174 Extra"]
[Source "ChessBase"]
[SourceDate "2016.10.10"]
[SourceVersion "1"]
[SourceVersionDate "2016.10.10"]
[SourceQuality "1"]

1. d4 e6 2. Nf3 b6 3. e4 Bb7 4. Bd3 c5 5. c3 Be7 6. 0-0 Nf6 7. Qe2 d6 8. Bg5 0-0 9. Nbd2 h6 10. Bxf6 Bxf6 11. e5 Be7 12. Rfd1 Nd7 13. exd6 Bxd6 14. Ne4 Qc7 15. Nxd6 Qxd6 16. Be4 Bxe4 17. Qxe4 Nf6 18. Qe5 Rfd8 19. Qxd6 Rxd6 20. dxc5 Rxd1+ 21. Rxd1 bxc5 22. Ne5 Rb8 23. b3 Ne4 24. c4 a5 25. Rd3 a4 26. Nd7 Rb7 27. f3 axb3 28. axb3 Nf6 29. Nxc5 Ra7 30. Rd8+ Kh7 31. Rd1 Ra2 32. Rb1 Rc2 33. Na4 Nd7 34. Rb2 Rc1+ 35. Kf2 Ne5 36. Ke3 Re1+ 37. Re2 Rb1 38. Nb2 Kg6 39. Kd4 f6 40. Rc2 Nc6+ 41. Kc3 Re1 42. Nd3 Ra1 43. Nb4 Ne5 44. f4 Nd7 45. Kb2 Rf1 46. Nd3 Kf5 47. b4 Ke4 48. Kc3 Ke3 49. g3 Rf3 50. Nb2 Rf1 51. c5 Ke4 52. Re2+ Kd5 53. Rd2+ Kc6 54. Rd6+ Kc7 55. Rxe6 Rh1 56. Re7 g5 57. fxg5 fxg5 58. Nc4 Kd8 59. Re2 Kc7 60. Ra2 Kc6 61. Rd2 Kc7 62. Nd6 Rc1+ 63. Kd4 Nb8 64. b5 Nd7 65. Ne4 Rb1 66. Nc3 Rb4+ 67. Kd5 Nf6+ 68. Ke6 Rc4 69. Nd5+ Nxd5 70. Kxd5 Rc1 71. b6+ Kb7 72. Kd6 Rc3 73. Rf2 Rd3+ 74. Ke5 Kc6 75. Rc2 1-0

[Event "POL-chT3 Podkarpackie"]
[Site "Pstragowa"]
[Date "2014.05.04"]
[Round "8.19"]
[White "Sygulski, Pawel"]
[Black "Gierulski, Kamil"]
[Result "1/2-1/2"]
[WhiteElo "2216"]
[BlackElo "1955"]
[PlyCount "47"]
[EventDate "2014.04.30"]
[EventType "team-tourn"]
[EventRounds "9"]
[EventCountry "POL"]
[SourceTitle "EXT 2015"]
[Source "ChessBase"]
[SourceDate "2014.11.20"]
[SourceVersion "1"]
[SourceVersionDate "2014.11.20"]
[SourceQuality "1"]
[WhiteTeam "Czarna II"]
[BlackTeam "Rzeszow"]
[WhiteTeamCountry "POL"]
[BlackTeamCountry "POL"]

1. c4 e6 2. g3 d5 3. Bg2 c6 4. Nf3 Nf6 5. 0-0 Nbd7 6. d3 a6 7. b3 Be7 8. Bb2 0-0 9. Nbd2 b5 10. e4 Bb7 11. Qe2 Qb6 12. h4 Rfc8 13. e5 Ne8 14. Ng5 Bxg5 15. hxg5 c5 16. Kh2 a5 17. Rh1 Nf8 18. cxb5 a4 19. d4 cxd4 20. Qd3 Qc7 21. Qxd4 a3 22. Rac1 Qa5 23. Bc3 Qxb5 24. Bf1 1/2-1/2

[Event "POL-chT3 Podkarpackie"]
[Site "Pstragowa"]
[Date "2014.05.03"]
[Round "7.7"]
[White "Rawicz, Karol"]
[Black "Sygulski, Pawel"]
[Result "1-0"]
[WhiteElo "2261"]
[BlackElo "2216"]
[PlyCount "73"]
[EventDate "2014.04.30"]
[EventType "team-tourn"]
[EventRounds "9"]
[EventCountry "POL"]
[SourceTitle "EXT 2015"]
[Source "ChessBase"]
[SourceDate "2014.11.20"]
[SourceVersion "1"]
[SourceVersionDate "2014.11.20"]
[SourceQuality "1"]
[WhiteTeam "Przemysl MKS Polonia"]
[BlackTeam "Czarna II"]
[WhiteTeamCountry "POL"]
[BlackTeamCountry "POL"]

1. d4 d6 2. e4 g6 3. Nc3 Bg7 4. Be3 Nd7 5. Qd2 a6 6. Nf3 c5 7. 0-0-0 cxd4 8. Nxd4 Ngf6 9. f3 0-0 10. Bh6 Qa5 11. h4 Nc5 12. h5 Ne6 13. hxg6 Bxh6 14. gxh7+ Nxh7 15. Qxh6 Qg5+ 16. Qxg5+ Nexg5 17. f4 e5 18. fxg5 exd4 19. Rxd4 Nxg5 20. Rh5 f6 21. Rxd6 b5 22. Bd3 Bg4 23. Rh4 Be6 24. e5 Rfd8 25. Rxd8+ Rxd8 26. exf6 Kf7 27. a4 bxa4 28. Rxa4 Kxf6 29. Rxa6 Ke5 30. Ra5+ Kf4 31. g3+ Kg4 32. Be2+ Nf3 33. Re5 Bc8 34. Re3 Bb7 35. Ne4 Bxe4 36. Rxe4+ Kxg3 37. Bxf3 1-0

[Event "POL-chT3 Podkarpackie"]
[Site "Pstragowa"]
[Date "2014.05.02"]
[Round "5.1"]
[White "Sygulski, Pawel"]
[Black "Zaskalski, Arkadiusz"]
[Result "1/2-1/2"]
[WhiteElo "2216"]
[BlackElo "2216"]
[PlyCount "69"]
[EventDate "2014.04.30"]
[EventType "team-tourn"]
[EventRounds "9"]
[EventCountry "POL"]
[SourceTitle "EXT 2015"]
[Source "ChessBase"]
[SourceDate "2014.11.20"]
[SourceVersion "1"]
[SourceVersionDate "2014.11.20"]
[SourceQuality "1"]
[WhiteTeam "Czarna II"]
[BlackTeam "Mielec"]
[WhiteTeamCountry "POL"]
[BlackTeamCountry "POL"]

1. e4 c5 2. g3 Nc6 3. Bg2 g6 4. Nc3 Bg7 5. Nge2 e6 6. 0-0 Nge7 7. d3 0-0 8. f4 d6 9. Be3 Nd4 10. Qd2 Rb8 11. a4 a6 12. Kh1 b5 13. axb5 axb5 14. Bxd4 cxd4 15. Na2 Qb6 16. Nb4 Bb7 17. c3 Rfc8 18. Rfc1 dxc3 19. bxc3 f5 20. Qa2 Kf7 21. Qa7 Qxa7 22. Rxa7 fxe4 23. Bxe4 Bxe4+ 24. dxe4 Ra8 25. Rxa8 Rxa8 26. Rd1 Nc8 27. e5 dxe5 28. Rd7+ Kg8 29. Rd8+ Bf8 30. fxe5 Nb6 31. Rxa8 Nxa8 32. Nc6 Nc7 33. Kg2 Kf7 34. Kf3 Ke8 35. Ke4 1/2-1/2

[Event "Ogolnopolski-ch 55th"]
[Site "Zamosc"]
[Date "2013.??.??"]
[Round "6"]
[White "Winski, Lukasz"]
[Black "Sygulski, Pawel"]
[Result "1/2-1/2"]
[WhiteElo "2121"]
[BlackElo "2246"]
[PlyCount "89"]
[EventDate "2013.06.07"]
[EventType "swiss"]
[EventRounds "9"]
[EventCountry "POL"]
[SourceTitle "EXT 2014"]
[Source "ChessBase"]
[SourceDate "2013.11.20"]
[SourceVersion "1"]
[SourceVersionDate "2013.11.20"]
[SourceQuality "1"]

1. e4 d6 2. d4 e5 3. Nf3 exd4 4. Nxd4 Nc6 5. Nc3 Be7 6. g3 Bf6 7. Be3 Bd7 8. Bg2 Bxd4 9. Bxd4 Nxd4 10. Qxd4 Nf6 11. 0-0-0 Bc6 12. Rhe1 0-0 13. f4 Nd7 14. Bh3 Re8 15. Nd5 Nb6 16. c4 Bxd5 17. cxd5 Nd7 18. Kb1 a5 19. e5 Nc5 20. e6 a4 21. Bf5 fxe6 22. dxe6 Qf6 23. Qxf6 gxf6 24. Bg4 Re7 25. f5 Kf8 26. Bf3 Rg7 27. Rd4 Ke7 28. Red1 Rg5 29. Rh4 Rh8 30. g4 c6 31. Rh6 Rg7 32. h4 Rf8 33. Kc2 d5 34. b4 axb3+ 35. axb3 Kd6 36. b4 Na6 37. Kc3 Nc7 38. Kd4 Nb5+ 39. Ke3 Ke5 40. Re1 Re7 41. Bg2 Nd6 42. Kf3+ Ne4 43. Bf1 Ra8 44. Bd3 Ra3 45. Ke2 1/2-1/2

[Event "Krakow op"]
[Site "Krakow"]
[Date "2011.08.13"]
[Round "9"]
[White "Kumor, Lukasz"]
[Black "Sygulski, Pawel"]
[Result "0-1"]
[WhiteElo "2116"]
[BlackElo "2195"]
[PlyCount "78"]
[EventDate "2011.08.06"]
[EventType "swiss"]
[EventRounds "9"]
[EventCountry "POL"]
[SourceTitle "CBM 144 Extra"]
[Source "ChessBase"]
[SourceDate "2011.10.28"]
[SourceVersion "1"]
[SourceVersionDate "2011.10.28"]
[SourceQuality "1"]

1. e4 c5 2. Nf3 Nc6 3. d4 cxd4 4. Nxd4 d5 5. Bb5 dxe4 6. Nxc6 Qxd1+ 7. Kxd1 a6 8. Nd4+ axb5 9. Nxb5 Bg4+ 10. Ke1 Rc8 11. N1c3 f5 12. Bf4 Nf6 13. Nd4 Rc5 14. Bg3 f4 15. f3 Bd7 16. Nb3 Rxc3 17. bxc3 fxg3 18. hxg3 e5 19. Rd1 Be7 20. Na5 b5 21. Rh4 Kf7 22. Kd2 Rc8 23. Re1 b4 24. c4 Rc5 25. Nb3 Rxc4 26. fxe4 h5 27. Re3 Ng4 28. Rf3+ Kg6 29. Rh1 Bg5+ 30. Kd1 Ne3+ 31. Kc1 Rxc2+ 32. Kb1 Rxg2 33. Nc5 Bg4 34. Rf8 Be7 35. Re8 Bxc5 36. Rxe5 Bd4 37. Rb5 Be2 38. Rxb4 Bd3+ 39. Kc1 Rc2+ 0-1

[Event "Krakow op"]
[Site "Krakow"]
[Date "2011.08.09"]
[Round "5"]
[White "Slabek, Grzegorz"]
[Black "Sygulski, Pawel"]
[Result "1/2-1/2"]
[WhiteElo "2012"]
[BlackElo "2195"]
[PlyCount "62"]
[EventDate "2011.08.06"]
[EventType "swiss"]
[EventRounds "9"]
[EventCountry "POL"]
[SourceTitle "CBM 144 Extra"]
[Source "ChessBase"]
[SourceDate "2011.10.28"]
[SourceVersion "1"]
[SourceVersionDate "2011.10.28"]
[SourceQuality "1"]

1. d4 Nf6 2. Nf3 d5 3. e3 g6 4. Be2 Bg7 5. 0-0 0-0 6. b4 c6 7. a4 Ne4 8. Bb2 Bg4 9. Nbd2 Nxd2 10. Qxd2 Nd7 11. h3 Bxf3 12. Bxf3 e5 13. Be2 Re8 14. Rfd1 Qe7 15. c4 dxc4 16. Bxc4 Nb6 17. Bb3 Rad8 18. a5 Nd5 19. a6 exd4 20. Bxd4 Bxd4 21. Qxd4 Nxb4 22. Qxa7 Rxd1+ 23. Rxd1 Nxa6 24. Rd4 Nc5 25. Ba2 Ne6 26. Rd1 b5 27. Rd7 Qf6 28. f4 c5 29. Rb7 b4 30. Bxe6 Qxe6 31. Qxc5 Qxe3+ 1/2-1/2

[Event "Augustow Golden Rook op 53rd"]
[Site "Augustow"]
[Date "2011.06.03"]
[Round "9.2"]
[White "Sygulski, Pawel"]
[Black "Probola, Bartosz"]
[Result "1/2-1/2"]
[WhiteElo "2182"]
[BlackElo "2081"]
[PlyCount "23"]
[EventDate "2011.05.29"]
[EventType "team-swiss"]
[EventRounds "9"]
[EventCountry "POL"]
[SourceTitle "EXT 2023"]
[Source "ChessBase"]
[SourceDate "2022.10.05"]
[SourceVersion "1"]
[SourceVersionDate "2022.10.05"]
[SourceQuality "1"]
[WhiteTeam "Czarna LKSz. GCKiP 1"]
[BlackTeam "Tomaszow Lubelski UKS GIM Dwojka"]
[WhiteTeamCountry "POL"]
[BlackTeamCountry "POL"]

1. e4 c5 2. Nf3 Nc6 3. d4 cxd4 4. Nxd4 g6 5. c4 Bg7 6. Be3 Nf6 7. Nc3 Ng4 8. Qxg4 Nxd4 9. Qd1 e5 10. Bd3 d6 11. 0-0 0-0 12. Nd5 1/2-1/2

[Event "Augustow Golden Rook op 53rd"]
[Site "Augustow"]
[Date "2011.05.29"]
[Round "2.6"]
[White "Szmyd, Marek"]
[Black "Sygulski, Pawel"]
[Result "0-1"]
[WhiteElo "2040"]
[BlackElo "2182"]
[PlyCount "86"]
[EventDate "2011.05.29"]
[EventType "team-swiss"]
[EventRounds "9"]
[EventCountry "POL"]
[SourceTitle "EXT 2023"]
[Source "ChessBase"]
[SourceDate "2022.10.05"]
[SourceVersion "1"]
[SourceVersionDate "2022.10.05"]
[SourceQuality "1"]
[WhiteTeam "Zarow Goniec"]
[BlackTeam "Czarna LKSz. GCKiP 1"]
[WhiteTeamCountry "POL"]
[BlackTeamCountry "POL"]

1. e4 c5 2. Nf3 Nc6 3. d4 cxd4 4. Nxd4 d5 5. Nxc6 bxc6 6. exd5 Qxd5 7. Qxd5 cxd5 8. Bb5+ Bd7 9. Nc3 e6 10. 0-0 Bb4 11. Bxd7+ Kxd7 12. Be3 Bxc3 13. bxc3 Ne7 14. Rab1 Rhc8 15. Rb7+ Rc7 16. Rfb1 Kc6 17. Rxc7+ Kxc7 18. c4 Kc6 19. cxd5+ Nxd5 20. Rb3 f6 21. Kf1 a5 22. c4 Nxe3+ 23. Rxe3 e5 24. Rb3 a4 25. Rb4 a3 26. Ke2 Kc5 27. Rb7 Kxc4 28. Rxg7 h5 29. Rg3 Kb4 30. Rb3+ Ka4 31. Rh3 Rb8 32. Rxh5 Rb2+ 33. Kf3 Rxa2 34. Rf5 Rxf2+ 35. Kxf2 a2 36. Rxf6 Kb5 37. Rf3 a1Q 38. h4 Qd4+ 39. Kg3 e4 40. Rf5+ Kc6 41. h5 e3 42. Rf1 e2 43. Re1 Qe3+ 0-1

[Event "POL-ch sf"]
[Site "Chotowa"]
[Date "2007.11.09"]
[Round "7.19"]
[White "Kostanski, Marcin"]
[Black "Sygulski, Pawel"]
[Result "0-1"]
[WhiteElo "1856"]
[BlackElo "2189"]
[PlyCount "126"]
[EventDate "2007.11.03"]
[EventType "swiss"]
[EventRounds "9"]
[EventCountry "POL"]
[SourceTitle "EXT 2023"]
[Source "ChessBase"]
[SourceDate "2022.10.05"]
[SourceVersion "1"]
[SourceVersionDate "2022.10.05"]
[SourceQuality "1"]

1. d4 Nf6 2. c4 e6 3. Nf3 b6 4. g3 Bb7 5. Bg2 Be7 6. 0-0 0-0 7. Nc3 c5 8. dxc5 bxc5 9. b3 d5 10. cxd5 Nxd5 11. Bb2 Bf6 12. Na4 Bxb2 13. Nxb2 Nd7 14. Qd2 N7f6 15. Ne5 Qc7 16. Nbc4 Rfd8 17. Qa5 Qe7 18. Rac1 Nb4 19. Rfd1 Bxg2 20. Kxg2 Rxd1 21. Rxd1 h5 22. Nd6 Nbd5 23. Qxc5 Rd8 24. Nec4 Ne8 25. e4 Nxd6 26. exd5 Nf5 27. Qxe7 Nxe7 28. d6 Nd5 29. Kf3 f6 30. Rd2 Kf7 31. Ke4 Ke8 32. f4 g6 33. Kd4 Kd7 34. a3 h4 35. Kc5 Rb8 36. b4 Rc8+ 37. Kd4 Rh8 38. Ne3 Kxd6 39. Ke4 f5+ 40. Kf3 hxg3 41. hxg3 Rc8 42. Rc2 Rxc2 43. Nxc2 e5 44. fxe5+ Kxe5 45. Ne3 Nb6 46. Ng2 g5 47. Ne3 g4+ 48. Ke2 Ke4 49. Ng2 Nd5 50. Nh4 Nc3+ 51. Kf2 Nb5 52. a4 Nc3 53. a5 a6 54. Ng6 Nd5 55. Nf8 Nxb4 56. Nd7 Kd4 57. Nb8 Kc4 58. Ke2 Kb5 59. Ke3 Nd5+ 60. Kd4 f4 61. Kxd5 f3 62. Nc6 f2 63. Nd4+ Kxa5 0-1

[Event "POL-ch sf"]
[Site "Chotowa"]
[Date "2007.11.07"]
[Round "5"]
[White "Leszczynski, Krzysztof"]
[Black "Sygulski, Pawel"]
[Result "1-0"]
[WhiteElo "2180"]
[BlackElo "2189"]
[PlyCount "65"]
[EventDate "2007.11.03"]
[EventType "swiss"]
[EventRounds "9"]
[EventCountry "POL"]
[SourceTitle "EXT 2010"]
[Source "ChessBase"]
[SourceDate "2010.11.25"]
[SourceVersion "1"]
[SourceVersionDate "2010.11.25"]
[SourceQuality "1"]

1. Nf3 d5 2. b3 Nf6 3. Bb2 e6 4. e3 Be7 5. d4 0-0 6. Bd3 b6 7. Nbd2 Bb7 8. 0-0 Nbd7 9. c4 Ne4 10. a3 f5 11. b4 Rf6 12. Qe2 Rh6 13. Rfc1 Ndf6 14. Ne5 Bd6 15. f3 Nxd2 16. Qxd2 dxc4 17. Rxc4 Nd5 18. e4 fxe4 19. Bxe4 Rf6 20. Re1 Qe8 21. Qg5 h6 22. Qg4 Rf4 23. Qg3 Rf6 24. Qg4 Rf4 25. Qh3 Rf6 26. Bc1 Bxe5 27. dxe5 Rf7 28. Bg6 Rxf3 29. Qh5 Qb5 30. Qxf3 Qxc4 31. Qf7+ Kh8 32. Bxh6 Rg8 33. Bxg7+ 1-0

[Event "POL-ch sf"]
[Site "Chotowa"]
[Date "2007.11.04"]
[Round "2"]
[White "Sygulski, Pawel"]
[Black "Tomsia, Kamil"]
[Result "1/2-1/2"]
[WhiteElo "2189"]
[BlackElo "2057"]
[PlyCount "182"]
[EventDate "2007.11.03"]
[EventType "swiss"]
[EventRounds "9"]
[EventCountry "POL"]
[SourceTitle "EXT 2010"]
[Source "ChessBase"]
[SourceDate "2010.11.25"]
[SourceVersion "1"]
[SourceVersionDate "2010.11.25"]
[SourceQuality "1"]

1. e4 c5 2. Nf3 Nc6 3. d4 cxd4 4. Nxd4 Nf6 5. Nc3 d6 6. Be2 e5 7. Nxc6 bxc6 8. 0-0 Be7 9. Qd3 0-0 10. Bg5 Qc7 11. Na4 h6 12. Bxf6 Bxf6 13. c4 Be6 14. Bf3 Rad8 15. Rad1 Bg5 16. b3 f5 17. exf5 Bxf5 18. Be4 Bxe4 19. Qxe4 Rf4 20. Qg6 Rf6 21. Qh5 Qa5 22. h4 Bf4 23. g3 Bd2 24. c5 Bc3 25. Nxc3 Qxc3 26. cxd6 Rdxd6 27. Rxd6 Rxd6 28. Rd1 Rxd1+ 29. Qxd1 c5 30. Qd5+ Kh7 31. Qe4+ Kh8 32. Qa8+ Kh7 33. Qxa7 e4 34. Qf7 Qa1+ 35. Kg2 Qxa2 36. Qf5+ Kh8 37. Qf8+ Kh7 38. Qxc5 Qxb3 39. Qf5+ Kh8 40. Qxe4 Qb5 41. g4 Kg8 42. Kg3 Qb3+ 43. Qe3 Qd5 44. f3 g5 45. Qe8+ Kg7 46. Qe7+ Kg8 47. Qf6 Kh7 48. h5 Qg8 49. Qe7+ Kh8 50. Kh3 Qg7 51. Qe8+ Kh7 52. Qe4+ Kh8 53. Kg3 Qc7+ 54. Kg2 Qd6 55. Kf2 Qd2+ 56. Qe2 Qd6 57. Qe3 Kg7 58. Qc3+ Qf6 59. Qc7+ Qf7 60. Qxf7+ Kxf7 61. Ke3 Ke7 62. Ke4 Ke6 63. Kd4 Kf6 64. Kd5 Kf7 65. Ke5 Ke7 66. Kf5 Kf7 67. Ke4 Ke6 68. Kd4 Kf6 69. Kd5 Kf7 70. Kd4 Kf6 71. Kd3 Kf7 72. Ke3 Ke7 73. Ke2 Ke6 74. Kd3 Kf7 75. Ke3 Ke7 76. Kf2 Kf6 77. Ke3 Ke7 78. Ke4 Ke6 79. Kd4 Kf6 80. Kd5 Kf7 81. Kd6 Kf6 82. Kd7 Ke5 83. Ke7 Kf4 84. Kf6 Kxf3 85. Kf5 Kg3 86. Kg6 Kxg4 87. Kxh6 Kf5 88. Kg7 g4 89. h6 g3 90. h7 g2 91. h8Q g1Q+ 1/2-1/2

[Event "Zlota Wieza op 49th"]
[Site "Gniezno"]
[Date "2007.05.23"]
[Round "6"]
[White "Sygulski, Pawel"]
[Black "Banasik, Krzysztof"]
[Result "1/2-1/2"]
[WhiteElo "2197"]
[BlackElo "2212"]
[PlyCount "112"]
[EventDate "2007.05.20"]
[EventType "swiss"]
[EventRounds "9"]
[EventCountry "POL"]
[SourceTitle "EXT 2011"]
[Source "ChessBase"]
[SourceDate "2010.11.26"]
[SourceVersion "1"]
[SourceVersionDate "2010.11.26"]
[SourceQuality "1"]

1. e4 e6 2. d4 d5 3. Nd2 Nf6 4. e5 Nfd7 5. Bd3 c5 6. c3 Nc6 7. Ngf3 cxd4 8. cxd4 f6 9. Ng5 fxg5 10. Qh5+ g6 11. Bxg6+ hxg6 12. Qxg6+ Ke7 13. Nf3 Ndxe5 14. Bxg5+ Kd7 15. dxe5 Be7 16. h4 Qe8 17. Qd3 Bxg5 18. Nxg5 Kc7 19. Rc1 Qe7 20. a3 Bd7 21. f4 Rac8 22. g3 Kb8 23. Kf2 Qg7 24. b4 a6 25. Rc3 Rcf8 26. Kg2 Na7 27. Rhc1 Qe7 28. Rc5 Bc6 29. Kh2 Rd8 30. Qg6 Rde8 31. R1c2 Rhg8 32. Qd3 Bb5 33. Qe3 Bc4 34. g4 Rh8 35. h5 Rd8 36. Kg3 Rd7 37. Kh4 Rhd8 38. f5 exf5 39. gxf5 d4 40. Qf4 d3 41. e6+ Ka8 42. R2xc4 d2 43. exd7 Qe1+ 44. Kh3 Qh1+ 45. Kg3 Qg1+ 46. Kh4 Qe1+ 47. Kh3 Qh1+ 48. Kg3 Qe1+ 49. Kh3 Rxd7 50. Rc1 Rd3+ 51. Nf3 dxc1Q 52. Rxc1 Qe2 53. Kg3 Nc6 54. Rxc6 bxc6 55. f6 Qe1+ 56. Kg2 Qe2+ 1/2-1/2